Language Quiz

Random Language or Country Quiz

Excuse Me, Do You Speak English? Quiz Stats

 Plays Quiz not verified by Sporcle

Also try: Novels in Latin
Challenge
Share
Tweet
Embed
Score 0/41 Timer 10:00
0 Plays Today
Hint Answer % Correct
Belize
62.5%
Ghana
37.5%
Nigeria
37.5%
Singapore
37.5%
Sierra Leone
25%
Burundi
12.5%
Fiji
12.5%
Malawi
12.5%
Malta
12.5%
Marshall Islands
12.5%
Mauritius
12.5%
Micronesia
12.5%
Namibia
12.5%
Nauru
12.5%
Pakistan
12.5%
Palau
12.5%
Papua New Guinea
12.5%
Philippines
12.5%
Rwanda
12.5%
Seychelles
12.5%
South Sudan
12.5%
Hint Answer % Correct
Sri Lanka
12.5%
Tonga
12.5%
Zambia
12.5%
Zimbabwe
12.5%
Sudan
12.5%
Cameroon
0%
Cayman Islands
0%
Cook Islands
0%
Curacao
0%
Eritrea
0%
Falkland Islands
0%
Gibraltar
0%
Hong Kong
0%
Isreal
0%
Jordan
0%
Malaysia
0%
Qatar
0%
Saint Lucia
0%
Saint Vincent and the Grenadines
0%
United Arab Emirates
0%

You're not logged in!

Compare scores with friends on all Sporcle quizzes.
OR
Log In

You Might Also Like...

Show Comments

Extras

Top Quizzes Today


Score Distribution

Your Account Isn't Verified!

In order to create a playlist on Sporcle, you need to verify the email address you used during registration. Go to your Sporcle Settings to finish the process.

Report this User

Report this user for behavior that violates our Community Guidelines.

Details: